000 00499nam a2200157 4500
001 131810
003 ES-MaACL
005 20230906194042.0
007 t|
008 070214s1964 sp r ||||1| spa d
100 1 _aRodríguez Mas, Antonio.
_998651
245 1 3 _aEl hombre y la ciudad
_b: principios del Derecho urbanístico español /
_cAntonio Rodríguez Mas.
260 _aSegovia :
_b[s. n.],
_c1964 (
_fImp. Provincial)
300 _a242 p. ;
_c25 cm.
852 _aES-MaACL
_jC-25587
_bR.54338
999 _c131810
_d131810